A fourme of prayer with thankesgiuing, to bee vsed of all the Kings Maiesties louing subiects euery yeere, the 24. of March: : being the day of his highnesse entry to this kingdome. /

Bibliographic Details
Corporate Author: Church of England
Format: eBook
Language:English
Published: Imprinted at London : by Robert Barker, Printer to the Kings most Excellent Maiestie., [1604]
Series:Early English books online.
Subjects:
Online Access:Connect to the full text of this electronic book

MARC

Tag First Indicator Second Indicator Subfields
LEADER 00000nam a2200000Ia 4500
001 in00004173613
005 20200807084110.0
006 m g d
007 cr bn |||a|bb|
008 000831s1604 enk o 000 0 eng d
035 |a (OCoLC)44920345 
040 |a EBK  |e dcrb  |c EBK 
037 |a CL0036000068  |b ProQuest. 789 E. Eisenhower Parkway, Ann Arbor, MI 48108-3218 
043 |a e-uk-en 
090 |a BX5147  |b .A25 1604 
049 |a UMIA 
110 2 |a Church of England. 
245 1 2 |a A fourme of prayer with thankesgiuing, to bee vsed of all the Kings Maiesties louing subiects euery yeere, the 24. of March: :  |b being the day of his highnesse entry to this kingdome. /  |c Set foorth by authoritie. 
260 |a Imprinted at London :  |b by Robert Barker, Printer to the Kings most Excellent Maiestie.,  |c [1604] 
300 |a 1 online resource ([40] pages) 
336 |a text  |b txt  |2 rdacontent 
337 |a computer  |b c  |2 rdamedia 
338 |a online resource  |b cr  |2 rdacarrier 
500 |a Signatures: A-E⁴. 
500 |a Title within ornamental border (variant of McK. and Ferg. 165, with royal arms at top changed, and lacking heraldic animal head from center of sill); initials. 
500 |a Reproduction of original in: Henry E. Huntington Library and Art Gallery. 
510 4 |a STC (2nd edition)  |c 16483 
533 |a Electronic reproduction.  |b Ann Arbor, Mich. :  |c UMI,  |d 1999-  |f (Early English books online)  |n Digital version of: (Early English books, 1475-1640 ; 2098:8)  |7 s1999 miun s 
610 2 0 |a Church of England  |x Liturgy  |v Texts. 
830 0 |a Early English books online. 
856 4 0 |u http://proxy.library.tamu.edu/login?url=https://search.proquest.com/docview/2240923919  |z Connect to the full text of this electronic book  |t 0 
999 f f |s 1a6323a1-27ab-3e9b-b220-53c54d66c2ac  |i b71009d4-71de-3dcd-ad55-ffa2e9de9773  |t 0 
952 f f |a Texas A&M University  |b College Station  |c Electronic Resources  |d Available Online  |t 0  |e BX5147 .A25 1604  |h Library of Congress classification 
998 f f |a BX5147 .A25 1604  |t 0  |l Available Online